[Event "Campeonato España Sub 18"]
[Site "Salobreña"]
[Date "2017.08.03"]
[Round "6"]
[White "Nieves Cabanes, Jose Manuel"]
[Black "Ortin Blanco, Inigo"]
[Result "1/2-1/2"]
[Board "15"]
[WhiteClock "1:30"]
[WhiteTitle "FM"]
[WhiteElo "2277"]
[WhiteCountry "ESP"]
[WhiteFideId "22245715"]
[WhiteEloChange "-5"]
[BlackClock "1:30"]
[BlackElo "2090"]
[BlackCountry "ESP"]
[BlackFideId "32010125"]
[BlackEloChange "5"]

1. Nf3 {[%clk 1:30:00]} d5 {[%clk 1:29:00]} 2. c4 {[%clk 1:30:00]} d4 {[%clk
1:26:00]} 3. b4 {[%clk 1:30:00]} Bg4 {[%clk 1:23:00]} 4. Qb3 {[%clk 1:30:00]} f6
{[%clk 1:16:00]} 5. Bb2 {[%clk 1:17:00]} e5 {[%clk 1:15:00]} 6. c5 {[%clk
1:16:00]} Qd7 {[%clk 0:59:00]} 7. e3 {[%clk 1:13:00]} Be6 {[%clk 0:49:00]} 8. Bc4
{[%clk 1:13:00]} Bxc4 {[%clk 0:50:00]} 9. Qxc4 {[%clk 1:14:00]} dxe3 {[%clk
0:49:00]} 10. dxe3 {[%clk 1:13:00]} Qf7 {[%clk 0:47:00]} 11. Qe4 {[%clk 1:02:00]}
c6 {[%clk 0:48:00]} 12. Nbd2 {[%clk 1:00:00]} Ne7 {[%clk 0:47:00]} 13. O-O {[%clk
0:58:00]} Nd5 {[%clk 0:47:00]} 14. Nd4 {[%clk 0:54:00]} Be7 {[%clk 0:43:00]} 15.
Nf5 {[%clk 0:54:00]} O-O {[%clk 0:43:00]} 16. Nc4 {[%clk 0:47:00]} Na6 {[%clk
0:43:00]} 17. a3 {[%clk 0:47:00]} Rab8 {[%clk 0:39:00]} 18. f4 {[%clk 0:45:00]}
exf4 {[%clk 0:39:00]} 19. exf4 {[%clk 0:44:00]} Rfe8 {[%clk 0:32:00]} 20. Qf3
{[%clk 0:42:00]} Qg6 {[%clk 0:32:00]} 21. Nd4 {[%clk 0:42:00]} Nac7 {[%clk
0:31:00]} 22. Nd6 {[%clk 0:38:00]} Bxd6 {[%clk 0:27:00]} 23. cxd6 {[%clk
0:38:00]} Na8 {[%clk 0:27:00]} 24. f5 {[%clk 0:37:00]} Qf7 {[%clk 0:27:00]} 25.
Ne6 {[%clk 0:28:00]} Nab6 {[%clk 0:26:00]} 26. Bd4 {[%clk 0:27:00]} Nc4 {[%clk
0:24:00]} 27. Qg3 {[%clk 0:26:00]} Qd7 {[%clk 0:20:00]} 28. Rae1 {[%clk 0:20:00]}
Ra8 {[%clk 0:15:13]} 29. h4 {[%clk 0:07:43]} Kh8 {[%clk 0:08:40]} 30. h5 {[%clk
0:07:17]} Nxd6 {[%clk 0:08:08]} 31. h6 {[%clk 0:07:21]} gxh6 {[%clk 0:05:51]} 32.
Re5 {[%clk 0:05:09]} Qf7 {[%clk 0:03:11]} 33. Rxd5 {[%clk 0:05:14]} Ne4 {[%clk
0:03:37]} 34. Qf4 {[%clk 0:03:08]} cxd5 {[%clk 0:03:58]} 35. Nc7 {[%clk 0:03:31]}
Rac8 {[%clk 0:03:18]} 36. Nxe8 {[%clk 0:03:56]} Qxe8 {[%clk 0:03:32]} 37. Rc1
{[%clk 0:03:45]} Rxc1+ {[%clk 0:01:08]} 38. Qxc1 {[%clk 0:04:06]} Qc6 {[%clk
0:01:33]} 39. Qxc6 {[%clk 0:03:23]} bxc6 {[%clk 0:01:59]} 40. Bxa7 {[%clk
0:03:53]} Nc3 {[%clk 0:02:18]} 41. Be3 {[%clk 0:03:25]} Kg7 {[%clk 0:02:33]} 42.
Kf1 {[%clk 0:02:43]} Kf7 {[%clk 0:02:00]} 43. Bd4 {[%clk 0:02:18]} Nb5 {[%clk
0:01:11]} 44. Bb2 {[%clk 0:02:31]} Nd6 {[%clk 0:01:06]} 45. a4 {[%clk 0:02:47]}
Nxf5 {[%clk 0:01:32]} 46. a5 {[%clk 0:02:37]} Nd6 {[%clk 0:01:41]} 47. a6 {[%clk
0:02:42]} Nb5 {[%clk 0:02:03]} 48. Bd4 {[%clk 0:02:50]} Nc7 {[%clk 0:01:43]} 49.
a7 {[%clk 0:03:11]} Ke7 {[%clk 0:01:50]} 50. Ke2 {[%clk 0:03:10]} Kd7 {[%clk
0:01:48]} 51. Bxf6 {[%clk 0:03:00]} Kc8 {[%clk 0:02:14]} 52. Be5 {[%clk 0:03:05]}
Na8 {[%clk 0:02:40]} 53. Bd4 {[%clk 0:01:24]} Kb7 {[%clk 0:03:05]} 54. Kf3 {[%clk
0:01:36]} Nc7 {[%clk 0:03:32]} 55. Kg4 {[%clk 0:01:42]} Nb5 {[%clk 0:03:48]} 56.
Bc5 {[%clk 0:02:05]} Nxa7 {[%clk 0:04:15]} 57. Kh5 {[%clk 0:02:24]} Nb5 {[%clk
0:04:28]} 58. Kxh6 {[%clk 0:02:45]} Nc3 {[%clk 0:03:59]} 59. Kxh7 {[%clk
0:02:51]} Ne4 {[%clk 0:04:11]} 60. Bd4 {[%clk 0:02:49]} Ka6 {[%clk 0:04:28]} 61.
Kg6 {[%clk 0:01:10]} Kb5 {[%clk 0:04:44]} 62. Kf5 {[%clk 0:01:23]} Kxb4 {[%clk
0:04:48]} 63. Ke5 {[%clk 0:01:15]} Kc4 {[%clk 0:04:45]} 64. g4 {[%clk 0:01:17]}
Kd3 {[%clk 0:01:02]} 65. Ba7 {[%clk 0:00:51]} Kc4 {[%clk 0:01:02]} 1/2-1/2

[Event "Campeonato España Sub 18"]
[Site "Salobreña"]
[Date "2017.08.03"]
[Round "6"]
[White "Porlan Minarro, Antonio"]
[Black "Galiana Fernandez, Adrian"]
[Result "1-0"]
[Board "16"]
[WhiteClock "1:29"]
[WhiteElo "2038"]
[WhiteCountry "ESP"]
[WhiteFideId "22294821"]
[WhiteEloChange "16"]
[BlackClock "1:30"]
[BlackElo "2274"]
[BlackCountry "ESP"]
[BlackFideId "32010150"]
[BlackEloChange "-16"]

1. e4 {[%clk 1:30:00]} e6 {[%clk 1:30:00]} 2. Nf3 {[%clk 1:28:00]} b6 {[%clk
1:31:00]} 3. d4 {[%clk 1:28:00]} Bb7 {[%clk 1:30:00]} 4. Nbd2 {[%clk 1:29:00]} c5
{[%clk 1:30:00]} 5. c3 {[%clk 1:29:00]} Nf6 {[%clk 1:31:00]} 6. Bd3 {[%clk
1:29:00]} d5 {[%clk 1:31:00]} 7. e5 {[%clk 1:21:00]} Nfd7 {[%clk 1:28:00]} 8. Nf1
{[%clk 1:07:00]} Ba6 {[%clk 1:17:00]} 9. Bxa6 {[%clk 1:02:00]} Nxa6 {[%clk
1:18:00]} 10. Ng3 {[%clk 1:02:00]} Be7 {[%clk 1:15:00]} 11. Nh5 {[%clk 0:55:00]}
O-O {[%clk 1:15:00]} 12. Qa4 {[%clk 0:55:00]} Qc8 {[%clk 1:06:00]} 13. dxc5
{[%clk 0:52:00]} Naxc5 {[%clk 1:06:00]} 14. Qg4 {[%clk 0:53:00]} g6 {[%clk
1:05:00]} 15. O-O {[%clk 0:45:00]} Nd3 {[%clk 0:52:00]} 16. Bh6 {[%clk 0:34:00]}
Re8 {[%clk 0:52:00]} 17. Qg3 {[%clk 0:24:00]} Nxb2 {[%clk 0:43:00]} 18. Ng5
{[%clk 0:24:00]} Nc4 {[%clk 0:31:00]} 19. Rfe1 {[%clk 0:21:00]} f6 {[%clk
0:21:00]} 20. exf6 {[%clk 0:18:01]} Nxf6 {[%clk 0:21:00]} 21. Ng7 {[%clk
0:18:21]} Bf8 {[%clk 0:19:07]} 22. Nxe8 {[%clk 0:16:54]} Nh5 {[%clk 0:15:54]} 23.
Nf6+ {[%clk 0:15:03]} Nxf6 {[%clk 0:16:09]} 24. Bxf8 {[%clk 0:15:28]} Qxf8 {[%clk
0:15:27]} 25. Nxe6 {[%clk 0:14:04]} Qf7 {[%clk 0:15:19]} 26. Ng5 {[%clk 0:12:19]}
Qd7 {[%clk 0:15:26]} 27. Rad1 {[%clk 0:10:49]} Rf8 {[%clk 0:13:58]} 28. h3 {[%clk
0:07:38]} Qf5 {[%clk 0:12:46]} 29. Ne6 {[%clk 0:05:56]} Rc8 {[%clk 0:08:41]} 30.
Qf4 {[%clk 0:05:56]} 1-0

[Event "Campeonato España Sub 18"]
[Site "Salobreña"]
[Date "2017.08.03"]
[Round "6"]
[White "Pulido Esteban, Francisco Daniel"]
[Black "Goni Navarro, Pablo"]
[Result "1-0"]
[Board "17"]
[WhiteClock "1:30"]
[WhiteElo "2065"]
[WhiteCountry "ESP"]
[WhiteFideId "22274839"]
[WhiteEloChange "14"]
[BlackClock "1:30"]
[BlackElo "2197"]
[BlackCountry "ESP"]
[BlackFideId "22295720"]
[BlackEloChange "-14"]

1. e4 {[%clk 1:30:00]} c5 {[%clk 1:30:00]} 2. Nc3 {[%clk 1:31:00]} g6 {[%clk
1:31:00]} 3. g3 {[%clk 1:31:00]} Bg7 {[%clk 1:31:00]} 4. Bg2 {[%clk 1:32:00]} Nc6
{[%clk 1:31:00]} 5. d3 {[%clk 1:32:00]} d6 {[%clk 1:31:00]} 6. f4 {[%clk
1:31:00]} e6 {[%clk 1:31:00]} 7. Nf3 {[%clk 1:32:00]} Nge7 {[%clk 1:32:00]} 8.
O-O {[%clk 1:32:00]} O-O {[%clk 1:32:00]} 9. Be3 {[%clk 1:32:00]} b6 {[%clk
1:32:00]} 10. d4 {[%clk 1:32:00]} Ba6 {[%clk 1:33:00]} 11. Rf2 {[%clk 1:32:00]}
Qc7 {[%clk 1:30:00]} 12. h3 {[%clk 1:19:00]} Rad8 {[%clk 1:21:00]} 13. g4 {[%clk
0:59:00]} f5 {[%clk 1:03:00]} 14. d5 {[%clk 0:55:00]} Nd4 {[%clk 0:37:00]} 15.
Nxd4 {[%clk 0:54:00]} cxd4 {[%clk 0:38:00]} 16. Bxd4 {[%clk 0:55:00]} e5 {[%clk
0:37:00]} 17. fxe5 {[%clk 0:54:00]} dxe5 {[%clk 0:37:00]} 18. Be3 {[%clk
0:54:00]} f4 {[%clk 0:38:00]} 19. Bd2 {[%clk 0:54:00]} Rc8 {[%clk 0:29:00]} 20.
Bf1 {[%clk 0:53:00]} Bxf1 {[%clk 0:29:00]} 21. Qxf1 {[%clk 0:54:00]} Bf6 {[%clk
0:24:00]} 22. Rf3 {[%clk 0:45:00]} h5 {[%clk 0:21:00]} 23. Qg2 {[%clk 0:42:00]}
hxg4 {[%clk 0:20:00]} 24. Qxg4 {[%clk 0:42:00]} Kg7 {[%clk 0:16:35]} 25. h4
{[%clk 0:40:00]} Rh8 {[%clk 0:16:47]} 26. Be1 {[%clk 0:40:00]} Qc5+ {[%clk
0:15:10]} 27. Kg2 {[%clk 0:39:00]} Qb4 {[%clk 0:14:58]} 28. d6 {[%clk 0:22:00]}
Qxd6 {[%clk 0:15:10]} 29. Rd1 {[%clk 0:23:00]} Qb4 {[%clk 0:15:25]} 30. b3 {[%clk
0:22:00]} Rxc3 {[%clk 0:13:21]} 31. Rxc3 {[%clk 0:20:00]} Qxe4+ {[%clk 0:13:49]}
32. Kh2 {[%clk 0:20:00]} Kf7 {[%clk 0:11:31]} 33. Rd6 {[%clk 0:19:21]} Qf5 {[%clk
0:10:28]} 34. Qxf5 {[%clk 0:19:19]} gxf5 {[%clk 0:10:52]} 35. Rc7 {[%clk
0:19:27]} e4 {[%clk 0:09:01]} 36. Rxf6+ {[%clk 0:19:55]} Kxf6 {[%clk 0:05:56]}
37. Bc3+ {[%clk 0:20:00]} Ke6 {[%clk 0:06:13]} 38. Bxh8 {[%clk 0:20:00]} f3
{[%clk 0:06:38]} 39. Rxe7+ {[%clk 0:19:06]} Kxe7 {[%clk 0:07:03]} 40. Kg3 {[%clk
0:19:36]} f4+ {[%clk 0:07:18]} 41. Kf2 {[%clk 0:19:58]} Ke6 {[%clk 0:07:25]} 42.
h5 {[%clk 0:20:00]} Kf5 {[%clk 0:07:50]} 43. h6 {[%clk 0:20:00]} Kg4 {[%clk
0:08:06]} 44. Bd4 {[%clk 0:18:09]} e3+ {[%clk 0:08:28]} 45. Bxe3 {[%clk 0:18:39]}
fxe3+ {[%clk 0:08:58]} 46. Kxe3 {[%clk 0:18:55]} Kg3 {[%clk 0:09:27]} 47. h7
{[%clk 0:19:17]} f2 {[%clk 0:09:54]} 48. h8Q {[%clk 0:19:32]} f1Q {[%clk
0:10:18]} 49. Qg7+ {[%clk 0:19:55]} Kh4 {[%clk 0:09:56]} 50. Qh6+ {[%clk
0:20:00]} Kg4 {[%clk 0:10:06]} 51. Qg6+ {[%clk 0:20:00]} Kh4 {[%clk 0:10:28]} 52.
Qe4+ {[%clk 0:19:10]} Kg5 {[%clk 0:10:34]} 53. Qe7+ {[%clk 0:19:27]} Kg4 {[%clk
0:10:38]} 54. Qg7+ {[%clk 0:19:49]} Kh5 {[%clk 0:10:46]} 55. Qe5+ {[%clk
0:18:58]} Kg6 {[%clk 0:10:39]} 56. Qg3+ {[%clk 0:19:08]} Kf5 {[%clk 0:07:46]} 57.
Qf3+ {[%clk 0:19:24]} Qxf3+ {[%clk 0:08:14]} 58. Kxf3 {[%clk 0:19:48]} Ke5 {[%clk
0:08:41]} 59. Ke3 {[%clk 0:20:00]} Kd5 {[%clk 0:08:18]} 60. Kd3 {[%clk 0:20:00]}
Kc5 {[%clk 0:05:34]} 61. a3 {[%clk 0:21:00]} a5 {[%clk 0:03:24]} 62. c4 {[%clk
0:19:40]} Kc6 {[%clk 0:02:53]} 63. Kd4 {[%clk 0:19:42]} Kd6 {[%clk 0:03:21]} 64.
b4 {[%clk 0:19:55]} axb4 {[%clk 0:02:48]} 65. axb4 {[%clk 0:20:00]} Kd7 {[%clk
0:03:14]} 66. Kd5 {[%clk 0:20:00]} Kc7 {[%clk 0:02:48]} 67. Ke6 {[%clk 0:20:00]}
Kc6 {[%clk 0:02:50]} 68. Ke7 {[%clk 0:20:00]} Kc7 {[%clk 0:03:11]} 69. b5 {[%clk
0:20:00]} Kc8 {[%clk 0:00:38]} 70. Kd6 {[%clk 0:21:00]} Kb7 {[%clk 0:00:37]} 71.
Kd7 {[%clk 0:21:00]} Kb8 {[%clk 0:00:33]} 72. Kc6 {[%clk 0:22:00]} Ka7 {[%clk
0:01:01]} 73. Kc7 {[%clk 0:22:00]} Ka8 {[%clk 0:23:00]} 74. Kxb6 {[%clk 0:22:00]}
Kb8 {[%clk 0:23:00]} 75. c5 {[%clk 0:22:00]} Ka8 {[%clk 0:23:00]} 76. Kc7 {[%clk
0:22:00]} Ka7 {[%clk 0:23:00]} 77. b6+ {[%clk 0:22:00]} Ka8 {[%clk 0:23:00]} 78.
b7+ {[%clk 0:22:00]} 1-0

[Event "Campeonato España Sub 18"]
[Site "Salobreña"]
[Date "2017.08.03"]
[Round "6"]
[White "Henderson de La Fuente, Andrea"]
[Black "Lacruz Algarate, Alvaro"]
[Result "0-1"]
[Board "18"]
[WhiteClock "n/a"]
[WhiteElo "2031"]
[WhiteCountry "ESP"]
[WhiteFideId "32096577"]
[WhiteEloChange "-6"]
[BlackClock "n/a"]
[BlackElo "2186"]
[BlackCountry "ESP"]
[BlackFideId "32025335"]
[BlackEloChange "6"]

1. e4 {[%clk 1:30:30]} c5 {[%clk 1:30:30]} 2. Nf3 {[%clk 1:30:30]} e6 {[%clk
1:30:30]} 3. d4 {[%clk 1:30:30]} cxd4 {[%clk 1:30:30]} 4. Nxd4 {[%clk 1:30:30]}
a6 {[%clk 1:30:30]} 5. Nc3 {[%clk 1:30:30]} Qc7 {[%clk 1:30:30]} 6. g3 {[%clk
1:30:30]} b5 {[%clk 1:30:30]} 7. a3 {[%clk 1:30:30]} Bb7 {[%clk 1:30:30]} 8. Bg2
{[%clk 1:30:30]} Nf6 {[%clk 1:30:30]} 9. O-O {[%clk 1:30:30]} d6 {[%clk 1:30:30]}
10. Be3 {[%clk 1:30:30]} Be7 {[%clk 1:30:30]} 11. f4 {[%clk 1:30:30]} Nbd7 {[%clk
1:30:30]} 12. Qe2 {[%clk 1:30:30]} O-O {[%clk 1:30:30]} 13. Rad1 {[%clk 1:30:30]}
Nb6 {[%clk 1:30:30]} 14. g4 {[%clk 1:30:30]} Nc4 {[%clk 1:30:30]} 15. Bc1 {[%clk
1:30:30]} Nxa3 {[%clk 1:30:30]} 16. g5 {[%clk 1:30:30]} Nd7 {[%clk 1:30:30]} 17.
Rf3 {[%clk 1:30:30]} Nc4 {[%clk 1:30:30]} 18. Rh3 {[%clk 1:30:30]} Rfe8 {[%clk
1:30:30]} 19. f5 {[%clk 1:30:30]} exf5 {[%clk 1:30:30]} 20. Qh5 {[%clk 1:30:30]}
Nf8 {[%clk 1:30:30]} 21. Nxf5 {[%clk 1:30:30]} Ne5 {[%clk 1:30:30]} 22. Bf4
{[%clk 1:30:30]} Rad8 {[%clk 1:30:30]} 23. Rf1 {[%clk 1:30:30]} Neg6 {[%clk
1:30:30]} 24. Be3 {[%clk 1:30:30]} b4 {[%clk 1:30:30]} 25. Nd5 {[%clk 1:30:30]}
Bxd5 {[%clk 1:30:30]} 26. exd5 {[%clk 1:30:30]} Qxc2 {[%clk 1:30:30]} 27. Bd4
{[%clk 1:30:30]} Ne5 {[%clk 1:30:30]} 28. Rh4 {[%clk 1:30:30]} Qd2 {[%clk
1:30:30]} 29. Bxe5 {[%clk 1:30:30]} dxe5 {[%clk 1:30:30]} 30. Nh6+ {[%clk
1:30:30]} gxh6 {[%clk 1:30:30]} 31. Qxf7+ {[%clk 1:30:30]} Kh8 {[%clk 1:30:30]}
32. gxh6 {[%clk 1:30:30]} Qg5 {[%clk 1:30:30]} 33. Rh3 {[%clk 1:30:30]} Qg6
{[%clk 1:30:30]} 34. Qf3 {[%clk 1:30:30]} Nd7 {[%clk 1:30:30]} 35. Qe2 {[%clk
1:30:30]} Rf8 {[%clk 1:30:30]} 36. Rd1 {[%clk 1:30:30]} Bc5+ {[%clk 1:30:30]} 37.
Kh1 {[%clk 1:30:30]} Rf2 {[%clk 1:30:30]} 38. Qe4 {[%clk 1:30:30]} Qxe4 {[%clk
1:30:30]} 39. Bxe4 {[%clk 1:30:30]} Bd4 {[%clk 1:30:30]} 40. Rg3 {[%clk 1:30:30]}
Rg8 {[%clk 1:30:30]} 41. Rxg8+ {[%clk 1:30:30]} Kxg8 {[%clk 1:30:30]} 42. Rc1
{[%clk 1:30:30]} Nc5 {[%clk 1:30:30]} 43. Bg2 {[%clk 1:30:30]} Rf6 {[%clk
1:30:30]} 44. Rd1 {[%clk 1:30:30]} Rxh6 {[%clk 1:30:30]} 0-1

[Event "Campeonato España Sub 18"]
[Site "Salobreña"]
[Date "2017.08.03"]
[Round "6"]
[White "Vidal Fernandez, Pablo"]
[Black "Martinez Lopez, Carlos"]
[Result "1/2-1/2"]
[Board "19"]
[WhiteClock "1:30"]
[WhiteElo "2167"]
[WhiteCountry "ESP"]
[WhiteFideId "32041705"]
[WhiteEloChange "-4"]
[BlackClock "1:30"]
[BlackElo "2034"]
[BlackCountry "ESP"]
[BlackFideId "32041659"]
[BlackEloChange "4"]

1. e4 {[%clk 1:30:00]} c5 {[%clk 1:27:00]} 2. Nf3 {[%clk 1:31:00]} Nc6 {[%clk
1:27:00]} 3. Nc3 {[%clk 1:31:00]} g6 {[%clk 1:28:00]} 4. d3 {[%clk 1:20:00]} Bg7
{[%clk 1:28:00]} 5. Be3 {[%clk 1:20:00]} Nd4 {[%clk 1:26:00]} 6. Qd2 {[%clk
1:20:00]} a6 {[%clk 1:25:00]} 7. Nd1 {[%clk 1:21:00]} d5 {[%clk 1:21:00]} 8. c3
{[%clk 1:13:00]} Nxf3+ {[%clk 1:21:00]} 9. gxf3 {[%clk 1:14:00]} d4 {[%clk
1:21:00]} 10. Bf4 {[%clk 1:12:00]} e5 {[%clk 1:18:00]} 11. Bg3 {[%clk 1:12:00]}
Bh6 {[%clk 1:13:00]} 12. f4 {[%clk 1:09:00]} Qf6 {[%clk 1:13:00]} 13. f3 {[%clk
1:08:00]} Bxf4 {[%clk 1:11:00]} 14. Bxf4 {[%clk 1:08:00]} Qxf4 {[%clk 1:12:00]}
15. Qxf4 {[%clk 1:00:00]} exf4 {[%clk 1:12:00]} 16. b4 {[%clk 1:00:00]} b6 {[%clk
1:08:00]} 17. a4 {[%clk 0:59:00]} Be6 {[%clk 1:06:00]} 18. a5 {[%clk 0:35:00]}
dxc3 {[%clk 0:48:00]} 19. Nxc3 {[%clk 0:32:00]} cxb4 {[%clk 0:48:00]} 20. Ne2
{[%clk 0:33:00]} bxa5 {[%clk 0:43:00]} 21. Nxf4 {[%clk 0:31:00]} b3 {[%clk
0:41:00]} 22. Nxe6 {[%clk 0:31:00]} fxe6 {[%clk 0:41:00]} 23. Bh3 {[%clk
0:31:00]} Kf7 {[%clk 0:25:00]} 24. Kd2 {[%clk 0:30:00]} Ne7 {[%clk 0:25:00]} 25.
Rhb1 {[%clk 0:28:00]} Rab8 {[%clk 0:23:00]} 26. Ra3 {[%clk 0:21:00]} a4 {[%clk
0:23:00]} 27. Rxa4 {[%clk 0:21:00]} Rb6 {[%clk 0:22:00]} 28. f4 {[%clk 0:15:33]}
Kf6 {[%clk 0:20:00]} 29. Bg4 {[%clk 0:15:25]} e5 {[%clk 0:20:00]} 30. fxe5+
{[%clk 0:14:44]} Kxe5 {[%clk 0:20:00]} 31. Ke3 {[%clk 0:12:13]} Nc6 {[%clk
0:18:21]} 32. d4+ {[%clk 0:12:23]} Kf6 {[%clk 0:18:34]} 33. Rb2 {[%clk 0:10:37]}
Kg5 {[%clk 0:17:58]} 34. Bd1 {[%clk 0:09:56]} Rhb8 {[%clk 0:15:06]} 35. Ra3
{[%clk 0:09:26]} Nxd4 {[%clk 0:15:25]} 36. Ra5+ {[%clk 0:08:18]} Nb5 {[%clk
0:15:08]} 37. Rxb3 {[%clk 0:06:42]} Kh6 {[%clk 0:13:13]} 38. Be2 {[%clk 0:06:52]}
Nc7 {[%clk 0:13:23]} 39. Rc3 {[%clk 0:05:18]} Rb3 {[%clk 0:13:14]} 40. Rxb3
{[%clk 0:05:29]} Rxb3+ {[%clk 0:13:36]} 41. Kf2 {[%clk 0:05:39]} Rh3 {[%clk
0:13:23]} 42. Kg2 {[%clk 0:05:19]} Re3 {[%clk 0:13:41]} 43. Bf3 {[%clk 0:05:40]}
Kg7 {[%clk 0:12:30]} 44. Kf2 {[%clk 0:04:56]} Rc3 {[%clk 0:12:42]} 45. h4 {[%clk
0:04:37]} Kf6 {[%clk 0:12:25]} 46. h5 {[%clk 0:04:40]} h6 {[%clk 0:10:11]} 47.
hxg6 {[%clk 0:04:26]} Kxg6 {[%clk 0:10:28]} 48. Be2 {[%clk 0:04:27]} Rc6 {[%clk
0:10:17]} 49. Ke3 {[%clk 0:04:07]} Rb6 {[%clk 0:09:00]} 50. Bh5+ {[%clk 0:04:04]}
Kf6 {[%clk 0:09:06]} 51. Be2 {[%clk 0:03:59]} Nb5 {[%clk 0:08:56]} 52. Kf4 {[%clk
0:04:01]} Ke7 {[%clk 0:08:39]} 53. e5 {[%clk 0:03:50]} Nc7 {[%clk 0:08:11]} 54.
Kf5 {[%clk 0:03:42]} Nb5 {[%clk 0:08:20]} 55. Ke4 {[%clk 0:03:42]} 1/2-1/2

[Event "Campeonato España Sub 18"]
[Site "Salobreña"]
[Date "2017.08.03"]
[Round "6"]
[White "Martinez Pla, Xavier"]
[Black "Redondo Benavente, Ana"]
[Result "1/2-1/2"]
[Board "20"]
[WhiteClock "1:26"]
[WhiteElo "2166"]
[WhiteCountry "ESP"]
[WhiteFideId "32074271"]
[WhiteEloChange "-4"]
[BlackClock "1:30"]
[BlackTitle "WFM"]
[BlackElo "2026"]
[BlackCountry "ESP"]
[BlackFideId "32021674"]
[BlackEloChange "4"]

1. e4 {[%clk 1:27:00]} e5 {[%clk 1:30:00]} 2. Nf3 {[%clk 1:25:00]} Nc6 {[%clk
1:31:00]} 3. Bb5 {[%clk 1:25:00]} Nf6 {[%clk 1:31:00]} 4. d3 {[%clk 1:23:00]} Bc5
{[%clk 1:31:00]} 5. Nbd2 {[%clk 1:22:00]} O-O {[%clk 1:29:00]} 6. Nc4 {[%clk
1:21:00]} d6 {[%clk 1:26:00]} 7. Be3 {[%clk 1:20:00]} Nd4 {[%clk 1:22:00]} 8.
Bxd4 {[%clk 1:19:00]} Bxd4 {[%clk 1:22:00]} 9. c3 {[%clk 1:17:00]} Bb6 {[%clk
1:22:00]} 10. Nxb6 {[%clk 1:14:00]} axb6 {[%clk 1:21:00]} 11. Bc4 {[%clk
1:11:00]} Qe7 {[%clk 1:20:00]} 12. Qe2 {[%clk 1:10:00]} Be6 {[%clk 1:11:00]} 13.
Nd2 {[%clk 1:09:00]} Rfe8 {[%clk 1:05:00]} 14. h3 {[%clk 1:09:00]} d5 {[%clk
1:00:00]} 15. Bb3 {[%clk 1:08:00]} dxe4 {[%clk 0:58:00]} 16. dxe4 {[%clk
1:07:00]} Bxb3 {[%clk 0:57:00]} 17. Nxb3 {[%clk 1:08:00]} Qe6 {[%clk 0:58:00]}
18. O-O {[%clk 1:08:00]} Ra4 {[%clk 0:57:00]} 19. f3 {[%clk 1:07:00]} Nh5 {[%clk
0:53:00]} 20. Rfd1 {[%clk 1:06:00]} Rea8 {[%clk 0:52:00]} 21. Nc1 {[%clk
1:06:00]} Nf4 {[%clk 0:52:00]} 22. Qf2 {[%clk 1:06:00]} b5 {[%clk 0:50:00]} 23.
a3 {[%clk 1:06:00]} h6 {[%clk 0:34:00]} 24. Ne2 {[%clk 1:05:00]} Nh5 {[%clk
0:31:00]} 25. Rd2 {[%clk 1:02:00]} b4 {[%clk 0:29:00]} 26. cxb4 {[%clk 1:01:00]}
Rxb4 {[%clk 0:29:00]} 27. Rad1 {[%clk 1:00:00]} Rb3 {[%clk 0:29:00]} 28. Nc1
{[%clk 1:00:00]} Rb5 {[%clk 0:27:00]} 29. Nd3 {[%clk 0:59:00]} Nf6 {[%clk
0:25:00]} 30. Nb4 {[%clk 0:58:00]} Qb6 {[%clk 0:24:00]} 31. Qxb6 {[%clk 0:58:00]}
Rxb6 {[%clk 0:25:00]} 32. Rd8+ {[%clk 0:58:00]} Rxd8 {[%clk 0:25:00]} 33. Rxd8+
{[%clk 0:58:00]} Kh7 {[%clk 0:26:00]} 34. Rc8 {[%clk 0:58:00]} c6 {[%clk
0:26:00]} 35. Nd3 {[%clk 0:58:00]} Nh5 {[%clk 0:23:00]} 36. b4 {[%clk 0:57:00]}
Ra6 {[%clk 0:23:00]} 37. Nxe5 {[%clk 0:56:00]} Rxa3 {[%clk 0:23:00]} 38. Nxf7
{[%clk 0:57:00]} Ra2 {[%clk 0:19:51]} 39. e5 {[%clk 0:51:00]} Nf4 {[%clk
0:19:45]} 40. Kf1 {[%clk 0:51:00]} Kg6 {[%clk 0:18:42]} 41. Nd6 {[%clk 0:51:00]}
Nxg2 {[%clk 0:16:16]} 42. e6 {[%clk 0:50:00]} Kf6 {[%clk 0:16:31]} 43. Re8 {[%clk
0:50:00]} Ne3+ {[%clk 0:16:32]} 44. Kg1 {[%clk 0:51:00]} Nd5 {[%clk 0:14:32]} 45.
Ne4+ {[%clk 0:51:00]} Kg6 {[%clk 0:13:45]} 46. Rf8 {[%clk 0:51:00]} b5 {[%clk
0:09:49]} 47. f4 {[%clk 0:51:00]} Rb2 {[%clk 0:07:31]} 48. f5+ {[%clk 0:50:00]}
Kh5 {[%clk 0:08:00]} 49. Nc3 {[%clk 0:37:00]} Nxc3 {[%clk 0:07:26]} 50. e7 {[%clk
0:37:00]} Re2 {[%clk 0:07:40]} 51. e8Q+ {[%clk 0:36:00]} Rxe8 {[%clk 0:03:39]}
52. Rxe8 {[%clk 0:36:00]} Nd5 {[%clk 0:03:35]} 53. Rg8 {[%clk 0:36:00]} Kg5
{[%clk 0:03:35]} 54. Rxg7+ {[%clk 0:36:00]} Kxf5 {[%clk 0:03:35]} 55. Rg4 {[%clk
0:36:00]} Nf4 {[%clk 0:03:35]} 56. Kh2 {[%clk 0:36:00]} h5 {[%clk 0:03:35]} 57.
Rg8 {[%clk 0:36:00]} Nd5 {[%clk 0:03:35]} 58. Rh8 {[%clk 0:36:00]} Kg5 {[%clk
0:03:35]} 59. Kg3 {[%clk 0:36:00]} Nxb4 {[%clk 0:03:35]} 60. h4+ {[%clk 0:36:00]}
Kg6 {[%clk 0:03:35]} 61. Rg8+ {[%clk 0:36:00]} Kh6 {[%clk 0:03:35]} 62. Rd8
{[%clk 0:36:00]} Kg7 {[%clk 0:03:35]} 63. Kf4 {[%clk 0:36:00]} Nd5+ {[%clk
0:03:35]} 64. Ke5 {[%clk 0:36:00]} b4 {[%clk 0:03:35]} 65. Kd6 {[%clk 0:36:00]}
Ne3 {[%clk 0:03:35]} 66. Kxc6 {[%clk 0:36:00]} Nf5 {[%clk 0:03:35]} 67. Rb8
{[%clk 0:36:00]} Nxh4 {[%clk 0:03:35]} 68. Rxb4 {[%clk 0:36:00]} Nf5 {[%clk
0:03:35]} 69. Kd5 {[%clk 0:36:00]} Kg6 {[%clk 0:03:35]} 70. Ke4 {[%clk 0:36:00]}
Nd6+ {[%clk 0:03:35]} 71. Kf4 {[%clk 0:36:00]} Nf7 {[%clk 0:03:35]} 72. Rb6+
{[%clk 0:36:00]} Kg7 {[%clk 0:03:35]} 73. Kg3 {[%clk 0:36:00]} Ne5 {[%clk
0:03:35]} 74. Kh4 {[%clk 0:36:00]} Nf7 {[%clk 0:03:35]} 75. Kxh5 {[%clk 0:36:00]}
Ne5 {[%clk 0:03:35]} 76. Kg5 {[%clk 0:36:00]} Nf7+ {[%clk 0:03:35]} 77. Kf5
{[%clk 0:36:00]} Nh6+ {[%clk 0:03:35]} 78. Ke6 {[%clk 0:37:00]} Kg6 {[%clk
0:03:48]} 79. Rb1 {[%clk 0:37:00]} Nf7 {[%clk 0:04:02]} 80. Rg1+ {[%clk 0:37:00]}
Ng5+ {[%clk 0:04:34]} 81. Ke5 {[%clk 0:37:00]} Kh5 {[%clk 0:02:30]} 82. Kf5
{[%clk 0:37:00]} Nh3 {[%clk 0:34:00]} 83. Rg4 {[%clk 0:34:00]} Nf2 {[%clk
0:01:29]} 84. Rf4 {[%clk 0:28:00]} Nh3 {[%clk 0:02:14]} 85. Rg4 {[%clk 0:28:00]}
Nf2 {[%clk 0:02:14]} 1/2-1/2